000
00260nam a2200109Ia 4500
008
200302s9999 xx 000 0 und d
100
_a
Pam Denicolo
245
_a
Achieving impact in research
260
_b
Sage Publications Inc.
260
_c
2014
300
_a
166
999
_c
7438
_d
7438